A közösségi média szerepe a vállalati stratégia szempontjából

Bibliográfiai részletek
Szerző: Kővári Kíra
További közreműködők: Papp Judit
Dokumentumtípus: Projektmunka
Kulcsszavak:kérdőíves felmérés
közösségi hálózatok
közösségi média
légiközlekedés
vállalati stratégiák
Online Access:http://dolgozattar.uni-bge.hu/60245

MARC

LEADER 00000nnm a2200000 i 4500
001 dolg60245
005 20260409150204.0
008 260409suuuu hu o 000 hun d
040 |a BGE Dolgozattár Repozitórium  |b hun 
041 |a hu 
100 1 |a Kővári Kíra 
245 1 2 |a A közösségi média szerepe a vállalati stratégia szempontjából  |c Kővári Kíra  |h [elektronikus dokumentum] 
516 |a Project_work 
520 3 |a A projektmunka a közösségi média vállalati stratégiában betöltött szerepét vizsgálja, különös tekintettel a légiközlekedési szektorra. A kutatás célja feltárni, miként használják a légitársaságok a közösségi médiát az utasok elérésére és a márkaépítésre. A válaszadók többsége aktívan követi a légitársaságokat online, és döntéseikre hatással van a cégek közösségi médiában való jelenléte. A dolgozat szakirodalmi áttekintésre épül, valamint primer kutatáson alapuló kérdőíves felmérés egészíti ki, amely a fogyasztói véleményeket vizsgálja. A vizsgálat során választ kaptam az összes előre kitűzött kutatási kérdésre és célra. 
695 |a kérdőíves felmérés 
695 |a közösségi hálózatok 
695 |a közösségi média 
695 |a légiközlekedés 
695 |a vállalati stratégiák 
700 1 |a Papp Judit  |e ths 
856 4 0 |u http://dolgozattar.uni-bge.hu/60245/1/K%C3%B6z%C3%B6ss%C3%A9gi%20m%C3%A9dia%20haszn%C3%A1lata%20a%20v%C3%A1llalati%20strat%C3%A9gia%20szempontj%C3%A1b%C3%B3l.pdf  |z Dokumentum-elérés 
856 4 0 |u http://dolgozattar.uni-bge.hu/60245/2/K%C5%90V%C3%81RI%20K%C3%8DRA%20KM%20FOSZK%20b%C3%ADr%C3%A1lati%20lap%20%281%29.pdf  |z Dokumentum-elérés